NFL Team Most Receiving Yards in a Playoff Game - Statistics

General Stats
  • This quiz has been taken 39 times
  • The average score is 18 of 32
Answer Stats
Team Yards Player % Correct
DET 211 Calvin Johnson
97%
PHI 148 Devonta Smith
97%
JAX 136 Jimmy Smith
97%
ATL 182 Julio Jones
97%
CLE 140 Kevin Johnson
97%
CIN 130 Marvin Jones Jr.
97%
CAR 218 Steve Smith Sr.
97%
SFF 215 Jerry Rice
94%
TEN 142 A.J. Brown
87%
KAN 172 Tyreek Hill
87%
DEN 204 Demaryius Thomas
77%
NOS 171 Michael Thomas
77%
GBP 160 Davante Adams
74%
ARI 176 Larry Fitzgerald
74%
MIN 227 Anthony Carter
71%
TBB 147 Mike Evans
71%
DAL 192 Michael Irvin
68%
SEA 160 DK Metcalf
55%
IND 224 T.Y. Hilton
42%
HOU 122 Nico Collins
39%
PIT 161 Lynn Swann
35%
CHI 143 Allen Robinson
19%
LVR 190 Fred Biletnikoff
19%
LAC 197 Ladd McConkey
19%
NYJ 169 Wesley Walker
16%
NEP 180 Chris Hogan
13%
BUF 240 Eric Moulds
13%
WAS 193 Ricky Sanders
13%
BAL 145 Anquan Boldin
10%
LAR 198 Tom Fears
10%
NYG 175 Bob Schnelker
6%
MIA 154 O.J. McDuffie
6%
No matching quizzes found
Score Distribution
Percent of People with Each Score
Percentile by Number Answered
Your Score History
You have not taken this quiz